Name all 50 States of USA - Statistics

General Stats
  • This quiz has been taken 2,785 times
  • The average score is 42 of 50
Answer Stats
Hint Answer % Correct
1. Alabama
94%
5. California
94%
32. New York
94%
2. Alaska
93%
9. Florida
92%
3. Arizona
91%
43. Texas
91%
4. Arkansas
90%
47. Washington
90%
11. Hawaii
89%
31. New Mexico
89%
34. North Dakota
89%
6. Colorado
88%
10. Georgia
87%
33. North Carolina
87%
41. South Dakota
87%
35. Ohio
86%
40. South Carolina
86%
12. Idaho
85%
30. New Jersey
85%
8. Delaware
84%
13. Illinois
84%
14. Indiana
84%
16. Kansas
84%
17. Kentucky
84%
19. Maine
84%
24. Mississippi
84%
28. Nevada
84%
7. Connecticut
83%
22. Michigan
83%
46. Virginia
83%
29. New Hampshire
82%
50. Wyoming
82%
18. Louisiana
81%
20. Maryland
81%
26. Montana
81%
44. Utah
81%
21. Massachusetts
80%
37. Oregon
80%
48. West Virginia
80%
15. Iowa
79%
23. Minnesota
79%
38. Pennsylvania
79%
39. Rhode Island
79%
42. Tennessee
79%
25. Missouri
78%
36. Oklahoma
78%
45. Vermont
78%
27. Nebraska
77%
49. Wisconsin
76%
No matching quizzes found
Score Distribution
Percent of People with Each Score
Percentile by Number Answered
Your Score History
You have not taken this quiz